000 00542cam a2200205ua 4500
001 7882
005 20260515114250.0
008 150110n ii |||gr||||Z||||||hin
040 _cMAIN
041 _ahin
082 _a491.43
100 _aChaturbedi, R.,
_eAuthor.
245 _aHindi bhsa tatha nagaru lipi ka parichoy aur prayug
_cBy Rajeshprasad Chaturbedi
250 _a1st.
260 _aLocknow:
_bPrakashan,
_c1982.
300 _a132p.
653 _aEast Indo-European & Celtic languages
653 _aHindi language
942 _cBK
999 _c6997
_d6997